Normal view MARC view
  • Ugemuge Ketaki

Entry Personal Name

Number of records used in: 2

001 - CONTROL NUMBER

  • control field: 208964

003 - CONTROL NUMBER IDENTIFIER

  • control field: OSt

005 - DATE AND TIME OF LATEST TRANSACTION

  • control field: 20241105200511.0

008 - FIXED-LENGTH DATA ELEMENTS

  • fixed length control field: 241105|| aca||aabn | a|a d

040 ## - CATALOGING SOURCE

  • Original cataloging agency: OSt
  • Transcribing agency: OSt

100 ## - HEADING--PERSONAL NAME

  • Personal name: Ugemuge Ketaki

670 ## - SOURCE DATA FOUND

  • Source citation: Work cat.: (OSt)361656: Ugemuge Ketaki. , Landscape Development Proposal For Dham River Front At Pawnar, Wardha., 2018